| 000 | 02010cam a22004814i 4500 | ||
|---|---|---|---|
| 003 | PE-LiUPU | ||
| 005 | 20250731173442.0 | ||
| 008 | 150616s1979 mx a r 000 0 spa d | ||
| 035 | _a(Sirsi) a578 | ||
| 040 |
_aPE-LiUPU _bspa _cPE-LiUPU _erda |
||
| 049 | _aPRUA | ||
| 082 | 0 | 4 |
_a294.5 _bB14 _221 |
| 100 | 1 |
_aBhaktivedanta, Swami Prabhupâda, _d1896-1977, _eautor. |
|
| 245 | 1 | 3 |
_aLa ciencia de la auto realización / _cBhaktivedanta Swami Prabhupada. |
| 264 | 1 |
_aMéxico : _bThe Brhaktivedanta Book Trust, _c1979. |
|
| 300 |
_a362 páginas : _bilustraciones ; _c18 centímetros. |
||
| 336 |
_atext _2rdacontent |
||
| 337 |
_aunmediated _2rdamedia |
||
| 338 |
_avolume _2rdacarrier |
||
| 490 | 0 | _aLas Obras de su Divina Gracia A. C. Bhaktivedanta Swami Prabhupâda | |
| 505 | 0 | _aAprendiendo la ciencia del alma -- Eligiendo a un maestro espiritual -- Revisando las bases culturales -- Entendiendo a Krisna y a Cristo -- Practicando yoga en la era de riña -- Buscándoles remedio a los males sociales contemporáneos -- Retornando a la religión eterna -- Alcanzando la perfección de la vida. | |
| 526 | _aSEG42 | ||
| 526 | _aSEG41 | ||
| 526 | _aSEG40 | ||
| 526 | _aSEG39 | ||
| 526 | _aP94 | ||
| 526 | _aP87 | ||
| 526 | _aP86 | ||
| 526 | _aP85 | ||
| 526 | _aP77 | ||
| 526 | _aP76 | ||
| 526 | _aP35 | ||
| 610 | 2 | _aSociedad Internacional para la Conciencia de Krishna. | |
| 650 | 0 | 4 |
_aVida espiritual _xHinduismo. |
| 650 | 0 | 4 | _aAuto-realización (Psicología). |
| 910 |
_ajck _bjvq _cjck |
||
| 942 |
_2ddc _cBOOK |
||
| 949 |
_a294.5 B14 _wDEWEY _c1 _i28653 _lCCODEBUL1 _mBUL _p00.00 _r0 _sY _tBOOK _u19920830 _xTEOLOGIA _zUNKNOWN _0COMPRA _o.STAFF. Colección General |
||
| 994 |
_aC0 _bPEPRU |
||
| 596 | _a1 | ||
| 999 |
_a294.5 B14 _wDEWEY _c56843 _i28653 _d56843 _e2016-6-3 _f2021-11-12 _g5 _lCCODEBUL1 _mBUL _n1 _p28.00 _r0 _sY _tBOOK _u2015-6-16 _xTEOLOGIA _zUNKNOWN _0COMPRA _o.STAFF. Colección Teología |
||
| 980 |
_81 _gALBERTO SANCHEZ Responsable de Automatización |
||